La descentralización : diálogo para el desarrollo /

Documento del proyecto Diálogo para el Desarrollo: la Descentralización, promovido en Venezuela por el Banco Mundial (BM), el Banco Interamericano de Desarrollo (BID) y el Programa de las Naciones Unidas para el Desarrollo (PNUD). El propósito de este proyecto es identificar una agenda para la desce...

Descrizione completa

Salvato in:
Dettagli Bibliografici
Natura: Libro
Lingua:spagnolo
Pubblicazione: Caracas, Venezuela : Nueva Sociedad, 1999, c1999
Edizione:2a edición
Soggetti:
Tags: Aggiungi Tag
Nessun Tag, puoi essere il primo ad aggiungerne!!

MARC

LEADER 00000nam^a2200000^a^4500
001 000129229
005 20250521000000.0
009 20260310094905.647
020 |a 980-317-156-9 
037 |a Acervo ITESO - Biblioteca 
041 |a ESP 
082 |a 351. 310987063  |b DES 
245 0 3 |a La descentralización :  |b diálogo para el desarrollo / 
250 |a 2a edición  |b corregida y aumentada 
264 4 |a Caracas, Venezuela :  |b Nueva Sociedad,  |c 1999, c1999 
300 |a 219 p. 
336 |a texto  |b txt  |2 rdacontenido 
337 |a sin mediación  |b n  |2 rdamedio 
338 |a volumen  |b nc  |2 rdasoporte 
520 |a Documento del proyecto Diálogo para el Desarrollo: la Descentralización, promovido en Venezuela por el Banco Mundial (BM), el Banco Interamericano de Desarrollo (BID) y el Programa de las Naciones Unidas para el Desarrollo (PNUD). El propósito de este proyecto es identificar una agenda para la descentralización, que permita a estos tres organismos y a las distintas instancias del Poder Ejecutivo en Venezuela disponer de una visión compartida, suficientemente fundamentada, y articular sus planes para el desarrollo y descentralización de esta nación sudamericana. 
649 |a XX 
650 |a Centralización y Descentralización -  |z Venezuela 
650 |a Desarrollo Económico-Social -  |z Venezuela 
650 |a Administración Pública -  |z Venezuela 
650 |a Política -  |z Venezuela -  |x Historia -  |y 1994-1999 
650 |a Política -  |z Venezuela -  |x Historia -  |y Siglo XX 
650 |a Venezuela -  |x Condiciones Políticas 
650 |a Venezuela -  |x Condiciones Económicas 
910 |a Fondo General 
920 |a Impresos - Libros 
930 |a Colección General 
905 |a 101 
901 |a 0500059600  |b IT1  |c ACC  |u 20250521 
902 |a https://opac.biblio.iteso.mx/vufind/Record/000129229